Statistics for Countries that border Serbia

Click here to take the quiz!

General Stats

  • This quiz has been taken 26 times
  • The average score is 8 of 8

Answer Stats

Answer % Correct
Montenegro
100%
Macedonia
100%
Bosnia and Herzegovina
96%
Bulgaria
96%
Croatia
96%
Hungary
92%
Kosovo
92%
Romania
92%

Score Distribution

Percentile by Number Answered

Percent of People with Each Score

Your Score History

You have not taken this quiz